Gower the autobiography / (Record no. 130103)

MARC details
000 -LEADER
fixed length control field 00699nam a22002417a 4500
005 - DATE AND TIME OF LATEST TRANSACTION
control field 20170124110107.0
010 ## - LIBRARY OF CONGRESS CONTROL NUMBER
LC control number A-584194
020 ## - INTERNATIONAL STANDARD BOOK NUMBER
Terms of availability 00.00
International Standard Book Number 0002184133
035 ## - SYSTEM CONTROL NUMBER
System control number A-584194
037 ## - SOURCE OF ACQUISITION
Source of stock number/acquisition Cen Lib/Ret
040 ## - CATALOGING SOURCE
Original cataloging agency DPL
Language of cataloging EN
082 ## - DEWEY DECIMAL CLASSIFICATION NUMBER
Classification number 921
Item number GOW
100 ## - MAIN ENTRY--PERSONAL NAME
Personal name Gower, David
9 (RLIN) 28297
245 ## - TITLE STATEMENT
Title Gower the autobiography /
Statement of responsibility, etc by David Gower [and] Martin Johnson
260 ## - PUBLICATION, DISTRIBUTION, ETC. (IMPRINT)
Place of publication, distribution, etc New Delhi
Name of publisher, distributor, etc Indus
Date of publication, distribution, etc 1992
270 ## - ADDRESS
Address 7/16,Ansari Road
City New Delhi
Postal code 110002
300 ## - PHYSICAL DESCRIPTION
Extent 256p.
Dimensions 21cm(Hb)
500 ## - GENERAL NOTE
General note Includes index
650 ## - SUBJECT ADDED ENTRY--TOPICAL TERM
Topical term or geographic name as entry element Cricket players
9 (RLIN) 28298
650 ## - SUBJECT ADDED ENTRY--TOPICAL TERM
Topical term or geographic name as entry element Great Britain
Geographic subdivision England
9 (RLIN) 28299
700 ## - ADDED ENTRY--PERSONAL NAME
9 (RLIN) 28179
Personal name Johnson, Martin
942 ## - ADDED ENTRY ELEMENTS (KOHA)
Source of classification or shelving scheme Dewey Decimal Classification
Koha item type English Books
Classification part 921
Call number suffix GOW
Holdings
Withdrawn status Lost status Damaged status Not for loan Home library Current library Date acquired Source of acquisition Cost, normal purchase price Total Checkouts Full call number Barcode Date last seen Copy number Cost, replacement price Price effective from Koha item type
        Central Library Central Library 08/07/2015 Cen Lib/Ret 0.00   921 GOW A-584194 08/07/2015 1 0.00 08/07/2015 English Books

© Delhi Public Library
Hit Counter
free hit counter